000 00810nam a2200217 i 4500
001 70451
003 ES-MaACL
005 20230906170824.0
007 t|
008 040726s1972 sp ||||1| spa d
080 _a860 Valle Inclán, Ramón del 7 Ruedo Ib.06
100 1 _aGarcía de la Torre, José Manuel.
_954454
245 1 0 _aAnálisis temático de "El ruedo ibérico" /
_cJosé Manuel García de la Torre.
260 _aMadrid :
_bGredos,
_c1972.
300 _a361 p. ;
_c20 cm.
490 1 _aBiblioteca románica hispánica ;
_vII. Estudios y ensayos ;
_v174
600 1 4 _aValle-Inclán, Ramón del,
_d1866-1936.
_tEl ruedo ibérico
_9171702
830 1 _aBiblioteca románica hispánica ;
_vII. Estudios y ensayos ;
_v174
_9180746
852 _aES-MaACL
_jC-49481
999 _c70451
_d70451